000
00336nam a2200133Ia 4500
008
220204s9999 xx 000 0 und d
082
_a
33(540)
_b
ALA
100
_a
ALAK GHOSH
245
0
_a
Indian economy: Its nature and problems
250
_a
Ed.18
260
_a
Calcutta
_b
World Press
_c
1974
650
_a
Indian economy
942
_c
BK
999
_c
22887
_d
22887